[Event "GER-ch Net Amateur Gr-B Vor2"]
[Site "Playchess.com INT"]
[Date "2020.04.15"]
[Round "6"]
[White "Drescher, Werner"]
[Black "Plattner, Rolf"]
[Result "1-0"]
[WhiteElo "1520"]
[BlackElo "1477"]
[PlyCount "53"]
[EventDate "2020.04.15"]
[EventType "swiss (blitz)"]
[EventRounds "9"]
[EventCountry "GER"]
[SourceTitle "CBM 196 Extra"]
[Source "ChessBase"]
[SourceDate "2020.07.31"]
[SourceVersion "1"]
[SourceVersionDate "2020.07.31"]
[SourceQuality "1"]

1. e4 Nf6 2. Nc3 d5 3. exd5 Nxd5 4. Qf3 e6 5. Bc4 Nxc3 6. dxc3 Be7 7. Qg3 0-0 8. Bf4 Bd6 9. Ne2 Bxf4 10. Nxf4 c6 11. Rd1 Qf6 12. 0-0 e5 13. Nh5 Qg6 14. Qxe5 Bg4 15. Nf4 Qf5 16. Qxf5 Bxf5 17. Bd3 Bg4 18. f3 Bd7 19. Rfe1 a5 20. Bf1 Na6 21. Rxd7 b5 22. Nd3 b4 23. Ree7 bxc3 24. bxc3 Nb8 25. Rc7 a4 26. Ne5 a3 27. Bc4 1-0

[Event "Rhein Main op-B 17th"]
[Site "Bad Homburg"]
[Date "2014.06.20"]
[Round "4"]
[White "Plattner, Rolf"]
[Black "Neubauer, Robert"]
[Result "1-0"]
[WhiteElo "1857"]
[BlackElo "1647"]
[PlyCount "119"]
[EventDate "2014.06.18"]
[EventType "swiss"]
[EventRounds "9"]
[EventCountry "GER"]
[SourceTitle "CBM 161 Extra"]
[Source "ChessBase"]
[SourceDate "2014.08.29"]
[SourceVersion "1"]
[SourceVersionDate "2014.08.29"]
[SourceQuality "1"]

1. e4 e5 2. Nf3 Nc6 3. d4 exd4 4. Bc4 Bb4+ 5. c3 dxc3 6. 0-0 d6 7. bxc3 Bc5 8. Bg5 Nge7 9. Nbd2 0-0 10. Qc2 Be6 11. Bd3 Qd7 12. e5 Ng6 13. Ne4 Ngxe5 14. Nxe5 Nxe5 15. Nxc5 dxc5 16. Bxh7+ Kh8 17. Rad1 Qe8 18. Be4 f6 19. Bf4 Qf7 20. Bxe5 fxe5 21. Bxb7 Rab8 22. Be4 Bxa2 23. Qd3 Rb6 24. Qg3 Qf4 25. Qxf4 exf4 26. Rd7 Re8 27. Bf3 Rc8 28. h3 Rd6 29. Re7 Bd5 30. Bg4 Ra8 31. Rxc7 c4 32. Re1 Rdd8 33. Ree7 a5 34. Bf5 a4 35. Bb1 Rg8 36. Ba2 a3 37. Re5 Rgd8 38. Ree7 Rg8 39. h4 Ra6 40. Ra7 Rxa7 41. Rxa7 Ra8 42. Rxa8+ Bxa8 43. Bxc4 Be4 44. Ba2 g6 45. f3 Bf5 46. Kf2 Kg7 47. g3 fxg3+ 48. Kxg3 Kf6 49. Kf4 Be6 50. c4 Bf5 51. Ke3 Ke5 52. f4+ Kd6 53. Kd4 Kc6 54. Ke5 Kc5 55. h5 Bd3 56. h6 Bxc4 57. h7 Bxa2 58. h8Q Kb4 59. Qb8+ Kc3 60. Qa7 1-0

[Event "Frankfurt-chA"]
[Site "Frankfurt"]
[Date "2014.05.12"]
[Round "3"]
[White "Popp, Matthias"]
[Black "Plattner, Rolf"]
[Result "0-1"]
[WhiteElo "1530"]
[BlackElo "1740"]
[PlyCount "80"]
[EventDate "2014.04.28"]
[EventType "swiss"]
[EventRounds "7"]
[EventCountry "GER"]
[SourceTitle "EXT 2015"]
[Source "ChessBase"]
[SourceDate "2014.11.20"]
[SourceVersion "1"]
[SourceVersionDate "2014.11.20"]
[SourceQuality "1"]

1. d4 d5 2. Nf3 Nf6 3. Bf4 e6 4. e3 c5 5. c3 Nc6 6. Nbd2 Bd6 7. Ne5 Qc7 8. Bb5 0-0 9. Bxc6 bxc6 10. 0-0 Nd7 11. Nxd7 Bxd7 12. Bxd6 Qxd6 13. Nf3 f6 14. Qc2 Rac8 15. Rad1 cxd4 16. Rxd4 e5 17. Ra4 Qc7 18. h3 c5 19. Rh4 e4 20. Nd2 g5 21. Rh5 Be8 22. Qd1 Bxh5 23. Qxh5 Qg7 24. Rd1 f5 25. Nf1 Rcd8 26. Qe2 Qf7 27. f4 gxf4 28. exf4 d4 29. cxd4 cxd4 30. b3 Kh8 31. Qb2 Qg7 32. Rd2 Rfe8 33. Rd1 Qf6 34. Kh2 Kg7 35. Ng3 Kg6 36. Qc1 Rc8 37. Qa3 a6 38. Qa5 d3 39. Nf1 Qd6 40. Kg3 e3 0-1

[Event "Rhein Main op-B 14th"]
[Site "Bad Homburg"]
[Date "2011.06.26"]
[Round "7"]
[White "Plattner, Rolf"]
[Black "Meier, Juergen"]
[Result "1/2-1/2"]
[WhiteElo "1919"]
[BlackElo "1762"]
[PlyCount "26"]
[EventDate "2011.06.22"]
[EventType "swiss"]
[EventRounds "7"]
[EventCountry "GER"]
[SourceTitle "EXT 2012"]
[Source "ChessBase"]
[SourceDate "2011.11.24"]
[SourceVersion "1"]
[SourceVersionDate "2011.11.24"]
[SourceQuality "1"]

1. d4 d5 2. Nf3 Nf6 3. c4 e6 4. Nc3 c6 5. e3 Bd6 6. Bd3 Nbd7 7. 0-0 0-0 8. e4 dxe4 9. Nxe4 Nxe4 10. Bxe4 h6 11. Qc2 Nf6 12. Bd3 c5 13. dxc5 Bxc5 1/2-1/2

[Event "Rhein Main op-B 14th"]
[Site "Bad Homburg"]
[Date "2011.06.25"]
[Round "6"]
[White "Fischer, Ulrich"]
[Black "Plattner, Rolf"]
[Result "1-0"]
[WhiteElo "1727"]
[BlackElo "1919"]
[PlyCount "99"]
[EventDate "2011.06.22"]
[EventType "swiss"]
[EventRounds "7"]
[EventCountry "GER"]
[SourceTitle "EXT 2012"]
[Source "ChessBase"]
[SourceDate "2011.11.24"]
[SourceVersion "1"]
[SourceVersionDate "2011.11.24"]
[SourceQuality "1"]

1. e4 c5 2. Nf3 d6 3. d4 cxd4 4. Nxd4 Nf6 5. Nc3 Nc6 6. Bg5 e6 7. Qd2 a6 8. 0-0-0 Qc7 9. f4 Be7 10. Be2 b5 11. Nxc6 Qxc6 12. e5 b4 13. Bf3 d5 14. Ne2 b3 15. axb3 Nd7 16. Bxe7 Kxe7 17. Qb4+ Qc5 18. Qxc5+ Nxc5 19. Kd2 Bb7 20. g4 Rac8 21. Nd4 Rc7 22. Ra1 Rhc8 23. c3 Nd7 24. Rhe1 Nb8 25. b4 Nc6 26. Nb3 Nxb4 27. cxb4 Rc2+ 28. Kd3 Rxb2 29. Rab1 Rxh2 30. Na5 Rh3 31. Rf1 Ba8 32. Kd4 Rc2 33. Rbd1 Kd7 34. Rd3 Bc6 35. Nxc6 Rc4+ 36. Ke3 Kxc6 37. Rb1 Kb5 38. Ra3 d4+ 39. Kf2 Rc2+ 40. Kg1 Rxf3 41. Rxf3 Kc4 42. Rd1 Rc3 43. Kf2 Rc2+ 44. Kf1 Rc3 45. Ke2 h6 46. Rfd3 Rxd3 47. Rxd3 g6 48. Ra3 h5 49. gxh5 gxh5 50. Rxa6 1-0

[Event "Rhein Main op-B 14th"]
[Site "Bad Homburg"]
[Date "2011.06.23"]
[Round "3"]
[White "Plattner, Rolf"]
[Black "Rolf, Marco"]
[Result "1/2-1/2"]
[WhiteElo "1919"]
[BlackElo "1624"]
[PlyCount "44"]
[EventDate "2011.06.22"]
[EventType "swiss"]
[EventRounds "7"]
[EventCountry "GER"]
[SourceTitle "EXT 2012"]
[Source "ChessBase"]
[SourceDate "2011.11.24"]
[SourceVersion "1"]
[SourceVersionDate "2011.11.24"]
[SourceQuality "1"]

1. d4 Nf6 2. Nf3 e6 3. c4 d5 4. Nc3 Be7 5. Bf4 c6 6. e3 0-0 7. Qc2 Nbd7 8. cxd5 exd5 9. Bd3 h6 10. Rd1 Re8 11. h3 Nf8 12. 0-0 Bd6 13. Rfe1 Bxf4 14. exf4 Ne6 15. g3 Nh5 16. Ne5 Nexf4 17. gxf4 Nxf4 18. Re3 Qg5+ 19. Rg3 Nxh3+ 20. Kf1 Qh4 21. Re1 Nf4 22. Kg1 Nh3+ 1/2-1/2

[Event "Rhein Main op-B 14th"]
[Site "Bad Homburg"]
[Date "2011.06.22"]
[Round "1"]
[White "Plattner, Rolf"]
[Black "Berg, Rainer"]
[Result "1-0"]
[WhiteElo "1919"]
[BlackElo "1552"]
[PlyCount "81"]
[EventDate "2011.06.22"]
[EventType "swiss"]
[EventRounds "7"]
[EventCountry "GER"]
[SourceTitle "EXT 2012"]
[Source "ChessBase"]
[SourceDate "2011.11.24"]
[SourceVersion "1"]
[SourceVersionDate "2011.11.24"]
[SourceQuality "1"]

1. d4 Nf6 2. Nf3 h6 3. c4 e6 4. Nc3 Bb4 5. Qc2 0-0 6. a3 Bxc3+ 7. Qxc3 d5 8. e3 b6 9. cxd5 Nxd5 10. Qc2 Bb7 11. Be2 a5 12. 0-0 Na6 13. Rd1 Qe7 14. Qb3 Rfb8 15. Bd2 Nf6 16. Bc3 Bd5 17. Qc2 c5 18. Rac1 c4 19. Nd2 Nb4 20. axb4 axb4 21. Nxc4 bxc3 22. Qxc3 b5 23. Nd2 Rc8 24. Qxc8+ Rxc8 25. Rxc8+ Kh7 26. Bd3+ g6 27. Rc5 b4 28. Rdc1 Ne8 29. f3 f5 30. Bb5 Ng7 31. e4 Qg5 32. Nf1 Ba8 33. d5 h5 34. d6 h4 35. h3 Nh5 36. R1c2 Ng3 37. d7 Bxe4 38. fxe4 Nxe4 39. Rc8 Qe7 40. d8Q Qa7+ 41. Kh2 1-0

[Event "Griesheim op"]
[Site "Griesheim"]
[Date "2011.05.??"]
[Round "3"]
[White "Plattner, Rolf"]
[Black "Stegner, Marco"]
[Result "1-0"]
[WhiteElo "1919"]
[BlackElo "1654"]
[PlyCount "69"]
[EventDate "2011.05.??"]
[EventType "swiss"]
[EventRounds "5"]
[EventCountry "GER"]
[SourceTitle "CBM 142 Extra"]
[Source "ChessBase"]
[SourceDate "2011.06.27"]
[SourceVersion "1"]
[SourceVersionDate "2011.06.27"]
[SourceQuality "1"]

1. e4 c5 2. Nf3 Nc6 3. d4 cxd4 4. Nxd4 Nf6 5. Nc3 d6 6. Be3 e5 7. Nb3 Be6 8. Qd2 a6 9. f3 d5 10. exd5 Nxd5 11. Nxd5 Bxd5 12. Qf2 Qf6 13. Rd1 Bxb3 14. axb3 Be7 15. Bd3 0-0 16. 0-0 Rfd8 17. Bb6 Rd7 18. Bxh7+ Kxh7 19. Rxd7 Rc8 20. Be3 b5 21. Rfd1 Nb4 22. c3 Nc6 23. Qc2+ g6 24. Qe4 Kg7 25. b4 Rh8 26. Bf2 a5 27. bxa5 Nxa5 28. Bg3 Nc4 29. R7d5 Qb6+ 30. Bf2 Qf6 31. b3 Nd6 32. Qxe5 Qxe5 33. Rxe5 Nf5 34. Rxb5 Bd6 35. g3 1-0